000 00640nam a2200193 i 4500
001 189011
003 SpMaBN
005 20250406000902.0
008 190320s1960 sp |||| |bspa d
080 _a929:012 Ibañez de Ibero, Carlos, Marqués de Mulhacen
245 0 0 _aCarlos Ibáñez de Ibero, Marqués de Mulhacén.
260 _aMadrid :
_b[s.n.],
_c1960 (
_fGráf. E.M.A.)
300 _a15 p. ;
_c21 cm.
504 _aBibliografía: p. 11-15.
600 1 7 _aIbáñez de Ibero, Carlos,
_cMarqués de Mulhacén,
_d1888-1966
_2
_9151481
852 _aES-MaACL
_j2338-F-18
852 _aES-MaACL
_j2340-F-22
999 _c189011
_d189011